MARC details
| 000 -LEADER |
| fixed length control field |
04145cam a22004097i 4500 |
| 001 - CONTROL NUMBER |
| control field |
13383 |
| 005 - DATE AND TIME OF LATEST TRANSACTION |
| control field |
20251017104018.0 |
| 008 - FIXED-LENGTH DATA ELEMENTS--GENERAL INFORMATION |
| fixed length control field |
190214s2018 miu b 000 0aeng d |
| 010 ## - LIBRARY OF CONGRESS CONTROL NUMBER |
| LC control number |
2017279689 |
| 020 ## - INTERNATIONAL STANDARD BOOK NUMBER |
| International Standard Book Number |
0310092647 |
| 020 ## - INTERNATIONAL STANDARD BOOK NUMBER |
| International Standard Book Number |
9780310092643 |
| 020 ## - INTERNATIONAL STANDARD BOOK NUMBER |
| International Standard Book Number |
9780310527237 |
| 035 ## - SYSTEM CONTROL NUMBER |
| System control number |
20853715 |
| 035 ## - SYSTEM CONTROL NUMBER |
| System control number |
(OCoLC)1027810630 |
| 040 ## - CATALOGING SOURCE |
| Original cataloging agency |
YDX |
| Language of cataloging |
eng |
| Transcribing agency |
YDX |
| Description conventions |
rda |
| Modifying agency |
ZQP |
| -- |
OCLCF |
| -- |
YDX |
| -- |
TUU |
| -- |
DLC |
| -- |
BSULIB |
| 042 ## - AUTHENTICATION CODE |
| Authentication code |
lccopycat |
| 050 00 - LIBRARY OF CONGRESS CALL NUMBER |
| Classification number |
BV2626.4.Q74 |
| Item number |
A3 2018 |
| 082 04 - DEWEY DECIMAL CLASSIFICATION NUMBER |
| Classification number |
248.2 |
| Edition number |
23 |
| Item number |
QUR |
| 100 1# - MAIN ENTRY--PERSONAL NAME |
| Personal name |
Qureshi, Nabeel, |
| Relator term |
author. |
| 9 (RLIN) |
26003 |
| 245 10 - TITLE STATEMENT |
| Title |
Seeking Allah, finding Jesus : |
| Remainder of title |
a devout Muslim encounters Christianity / |
| Statement of responsibility, etc |
Nabeel Qureshi. |
| 260 ## - PUBLICATION, DISTRIBUTION, ETC. (IMPRINT) |
| Place of publication, distribution, etc |
Michigan: |
| Name of publisher, distributor, etc |
Zondervan; |
| Date of publication, distribution, etc |
2014. |
| 300 ## - PHYSICAL DESCRIPTION |
| Extent |
373 p. ; |
| Dimensions |
22 cm. |
| 504 ## - BIBLIOGRAPHY, ETC. NOTE |
| Bibliography, etc |
Includes bibliographical references (pages 364-370). |
| 505 0# - FORMATTED CONTENTS NOTE |
| Formatted contents note |
pt.1: Called to prayer -- Prayers of my fathers -- A mother's faith -- A community of four -- The perfect book -- Stories of the prophet -- Righteous through ritual prayer -- Diversity in Islam -- The path of Sharia -- Dreams of the faithful -- The month of blessing -- pt. 2: An ambassador for Islam -- Third culture -- Muslims in the West -- Swoons and substitutions -- The father is greater than Jesus -- Heaven's gates and hell's flames -- Treasured traditions -- Signs in the sky -- Honor and authority -- The religion of peace -- pt. 3: Testing the New Testament -- Becoming brothers -- Opening my eyes -- Textual evolution -- Revisiting reliability -- pt. 4: Coming to the crux -- Litmus tests -- Crucifying the swoon theory -- A Muslim at church -- Debating the resurrection -- pt. 5: Jesus: mortal Messiah or divine Son of God -- Genetics and Jesus -- Jesus creates carpenters -- The Divine Son of Man -- Paulemics and the earliest Jesus -- pt. 6: The case for the Gospel -- Tension and Trinity -- Resonating with the Trinity -- Salvation in the balance -- Assessing the Gospel -- pt. 7: The truth about Muhammad -- Muhammad revisited -- The picture-perfect prophet -- Veiling the violence -- Muhammad Rasul Allah? -- pt. 8: The holiness of the Quran -- The case for the Quran -- The Quran, science, and Bucailleism -- Hadith and the history of the Quran -- Those whom their right hands possess -- pt. 9: Faith in doubt -- Rationality and revelation -- The cost of embracing the Cross -- I am near, seek and you shall find -- A field of crosses -- pt. 10: Guided by the hand of God -- Deciphering dreams -- The narrow door -- A stairway out of the mosque -- Time to mourn -- The Word speaks -- Finding Jesus. |
| 520 ## - SUMMARY, ETC. |
| Summary, etc |
An unexpected journey from Islam to Christianity. In Seeking Allah, Finding Jesus, Nabeel Qureshi describes his dramatic journey from Islam to Christianity, complete with friendships, investigations, and supernatural dreams along the way. Providing an intimate window into a loving Muslim home, Qureshi shares how he developed a passion for Islam before discovering, almost against his will, evidence that Jesus rose from the dead and claimed to be God. Unable to deny the arguments but not wanting to deny his family, Qureshi's inner turmoil will challenge Christians and Muslims alike. Engaging and thought-provoking, Seeking Allah, Finding Jesus tells a powerful story of the clash between Islam and Christianity in one man's heart -- and of the peace he eventually found in Jesus. - Publisher. |
| 520 ## - SUMMARY, ETC. |
| Summary, etc |
Qureshi describes his dramatic journey from Islam to Christianity, and shares how he developed a passion for Islam before discovering, almost against his will, evidence that Jesus rose from the dead and claimed to be God-- and of the peace he eventually found in Jesus. |
| 600 10 - SUBJECT ADDED ENTRY--PERSONAL NAME |
| Personal name |
Qureshi, Nabeel. |
| 9 (RLIN) |
26003 |
| 600 17 - SUBJECT ADDED ENTRY--PERSONAL NAME |
| Personal name |
Qureshi, Nabeel. |
| Source of heading or term |
fast |
| 9 (RLIN) |
26003 |
| 650 #0 - SUBJECT ADDED ENTRY--TOPICAL TERM |
| Topical term or geographic name as entry element |
Christian converts from Islam |
| Form subdivision |
Biography. |
| 9 (RLIN) |
26004 |
| 650 #7 - SUBJECT ADDED ENTRY--TOPICAL TERM |
| Topical term or geographic name as entry element |
Christian converts from Islam. |
| Source of heading or term |
fast |
| 9 (RLIN) |
26005 |
| 655 #7 - INDEX TERM--GENRE/FORM |
| Genre/form data or focus term |
Autobiographies. |
| Source of term |
fast |
| -- |
26006 |
| 655 #7 - INDEX TERM--GENRE/FORM |
| Genre/form data or focus term |
Biography. |
| Source of term |
fast |
| -- |
26007 |
| 655 #7 - INDEX TERM--GENRE/FORM |
| Genre/form data or focus term |
Autobiographies. |
| Source of term |
lcgft |
| -- |
26006 |
| 906 ## - LOCAL DATA ELEMENT F, LDF (RLIN) |
| a |
7 |
| b |
cbc |
| c |
copycat |
| d |
2 |
| e |
ncip |
| f |
20 |
| g |
y-gencatlg |
| 942 ## - ADDED ENTRY ELEMENTS (KOHA) |
| Source of classification or shelving scheme |
Dewey Decimal Classification |
| Item type |
Books |